| 000 | 02348nam0a2200361 4500 | ||
|---|---|---|---|
| 001 | RU\NLR\BIBL_A\016347274 | ||
| 005 | 20230524154127.0 | ||
| 010 |
_a978-5-91133-279-2 _950 |
||
| 021 |
_aRU _bКН-П-23-017421 _9КН-П-23-1742 |
||
| 035 | _a(NLR Aleph) 016347274 | ||
| 035 | _a(RuMoRGB)011665467 | ||
| 090 |
_a13110040 _c13110040 |
||
| 100 | _a20230418d2022 k y0rusy50 ca | ||
| 101 | 0 | _arus | |
| 102 | _aRU | ||
| 105 | _a |||z|||100zy | ||
| 181 | 0 |
_ai3 _baxxe |
|
| 182 | 0 | _an | |
| 200 | 1 |
_aАктуальные вопросы определения стоимости объектов судебной экспертизы _eматериалы Всероссийской конференции "Восток - Запад: партнерство в судебной экспертизе" (г. Москва, 16 апреля 2021 года) _fМинистерство юстиции Российской Федерации, Федеральное бюджетное учреждение Российский федеральный центр судебной экспертизы при Министерстве юстиции Российской Федерации _gсоставитель: Михалева Н. В., к.ю.н. |
|
| 203 |
_aТекст _bвизуальный _cнепосредственный |
||
| 210 |
_aМосква _cФБУ РФЦСЭ при Минюсте России _d2022 |
||
| 215 |
_a128 с. _cил., табл. _d21 |
||
| 320 | _aБиблиогр. в конце ст. | ||
| 606 | 1 |
_aСтоимость _jСъезды, совещания и т.п _xОпределение _xСудебная экспертиза _yРоссийская Федерация _92423825 _3RU\NLR\AUTH\6601661753 |
|
| 686 | 1 | _aХ629.214.13я431 | |
| 702 | 1 |
_aМихалева _bН. В. _gНаталья Валерьевна _4220 |
|
| 711 | 1 | 2 |
_a"Восток - Запад: партнерство в судебной экспертизе", всероссийская конференция _eМосква _f2021 _9845680 _3RU\NLR\AUTH\880590029 |
| 712 | 0 | 2 |
_4570 _aРоссийский федеральный центр судебной экспертизы _9533165 _3RU\NLR\AUTH\8810017659 |
| 942 | _cBOOK | ||
| 980 | _aNB | ||